[Event "Romanian-ch Open 2022"]
[Site "Eforie Nord"]
[Date "2022.02.23"]
[Round "5.13"]
[White "Serban, Cristian-Stefan"]
[Black "Secheres, Adrian-Simion"]
[Result "0-1"]
[WhiteElo "2090"]
[BlackElo "2363"]
[Annotator "TA"]
[PlyCount "98"]
[EventDate "2022.02.20"]
[EventType "swiss"]
[EventCountry "ROU"]
[SourceTitle "playchess.com"]
[Source "ChessBase"]
[SourceQuality "1"]

{[%evp 14,98,47,49,56,49,63,43,68,77,79,0,22,35,31,31,54,6,57,45,70,41,58,0,76,72,275,96,75,0,6,0,0,0,9,13,13,10,8,20,23,11,9,12,17,12,13,15,64,56,121,119,119,95,937,155,171,137,138,89,88,0,0,0,0,-75,-75,-72,-83,-87,-85,-1222,-96,-104,-110,-29989,-29990,-29990,-29989,-29989,-29990,-29990,-29991,-29991,-29992,-29992,-29993]} 1. d4 Nf6 2. c4 g6 3. Nc3 Bg7 4. e4 d6 5. Nf3 {[%cal Bg1f3,Bf3e1,Be1d3][%mdl 32]} O-O 6. Be2 e5 7. O-O h6 8. d5 a5 {E92: King's Indian: Classical: 6 Be2 e5: 7 dxe5, 7 Be3 and Petrosian System without 7...Nbd7.} 9. Ne1 Nh7 10. Nd3 Na6 {White is slightly better.} 11. a3 {[#]} f5 $146 ({Predecessor:} 11... Nc5 12. Be3 Nxd3 13. Bxd3 f5 14. f3 Bd7 15. c5 Qe7 16. cxd6 Qxd6 17. Rc1 f4 {1-0 (29) Gasper,P (1776)-Podjavorinsky,M (1754) Lubovna 2013}) 12. f4 (12. f3 $16) 12... Nc5 (12... exf4 {looks sharper.} 13. Nxf4 Qe8 14. exf5 Bxf5 15. Re1 Nc5) 13. Nxc5 dxc5 14. exf5 Bxf5 15. Bf3 (15. Be3 $14) 15... Ra6 (15... h5 $11) 16. Be3 $14 exf4 17. Bxc5 Re8 18. Qd2 (18. Bd4 $14) 18... Be5 (18... Ng5 $1 $11) 19. Rae1 $16 {[%cal Oe1e5]} Qf6 $2 (19... Ng5 $16) 20. Kh1 $2 (20. Nb5 $1 $18 {[%cal Rb5c7]}) 20... Raa8 21. Nb5 (21. d6 $16 cxd6 22. Bxb7 $1) 21... Ng5 $11 22. Re2 Nxf3 23. gxf3 b6 24. Bg1 c6 25. Nd4 Bxd4 {This bishop pair is nice.} 26. Rxe8+ Rxe8 27. Bxd4 Qd6 28. Bxb6 cxd5 29. Bxa5 d4 {To avoid Bc3} 30. Bb4 Qd7 (30... Qe5 $11) 31. Qxf4 Re2 (31... g5 $14 32. Qg3 Bd3) 32. Qxh6 $16 Qe6 33. b3 d3 $2 {[%mdl 8192]} (33... Bc2 $16) 34. Bc3 $2 (34. Qf8+ $18 {is the precise move to win.} Kh7 35. Bc3) 34... Kf7 {[%cal Bg8f7,Bf7e8,Be8d7,Bd7c6,Bc6c5,Bc5c4,Bc4c3,Bc3c2][%mdl 32]} 35. a4 Qd6 36. Qg7+ (36. Re1 $142) 36... Ke8 {[%csl Ge2][%cal Rd6h2]} 37. Qg8+ ({White should play} 37. Qh8+ $1 $16 Kf7 38. Qh6) 37... Kd7 $11 {[%csl Ge2][%cal Rd6h2]} 38. Qh7+ Kc6 39. b4 (39. c5 $11 {keeps the balance.} Qxc5 40. Qh8) 39... d2 $40 {[%mdl 128] Black is out for blood. Black is much more active.} 40. b5+ Kc5 {Really sharp!} 41. Bxd2 Rxd2 42. a5 $2 {[%mdl 8192]} (42. Qh4 $17) 42... Qd3 $2 (42... Qe5 $19 {and Black stays clearly on top. ( -> ...Qe2)} 43. Qa7+ Kxc4) 43. Qe7+ Kxc4 {[%cal Rd3f1]} 44. Kg1 {[%mdl 8192]} (44. Qc7+ $17 Kb3 45. Qf7+ Kb4 46. Qe7+ Kc4 47. Qf7+ Kb4 48. Qe7+ Qd6 49. Qxd6+ Rxd6 50. Ra1) 44... Qd4+ {Black mates.} 45. Kh1 Qf4 {[%csl Gd2][%cal Rf4h2]} 46. Qf7+ {[#]} Kc3 $1 {[%csl Gd2][%cal Rf4h2]} (46... Kxb5 $2 {[#]} 47. Rb1+ $3 {[%mdl 512]} Bxb1 48. Qxf4 $18) 47. Qg7+ Kc2 {[%csl Gd2][%cal Rf4h2]} 48. Qh8 Bd3 {[%csl LRb5,LRf1]} 49. Qc8+ Bc4 {Both players deserved the win here.  Weighted Error Value: White=0.68/Black=0.46} 0-1

[Event "Romanian-ch Open 2022"]
[Site "Eforie Nord"]
[Date "2022.02.23"]
[Round "5.14"]
[White "Manea, Alexandru"]
[Black "Nastore, Pavel-Alexandru"]
[Result "1-0"]
[WhiteElo "2355"]
[BlackElo "2306"]
[Annotator "TA"]
[PlyCount "137"]
[EventDate "2022.02.20"]
[EventType "swiss"]
[EventCountry "ROU"]
[SourceTitle "playchess.com"]
[Source "ChessBase"]
[SourceQuality "1"]

{[%evp 21,137,0,0,0,0,0,16,0,0,0,0,0,10,-23,9,0,0,0,39,29,37,2,14,0,0,-10,4,0,11,8,8,8,8,0,8,-13,0,0,61,58,59,64,50,17,93,92,97,97,97,96,103,99,197,189,190,189,196,201,196,187,187,197,222,220,203,210,214,202,162,179,290,229,402,388,389,365,6203,0,229,0,452,447,434,434,452,451,423,435,434,397,422,413,483,470,477,462,440,447,1579,1398,1436,1401,1620,1638,1622,1608,1607,1606,1479,916,1574,1512,1594,1411,29979,29980,29987,360]} 1. d4 Nf6 2. Nf3 e6 3. g3 d5 4. Bg2 c5 5. c4 cxd4 6. Nxd4 Bb4+ 7. Nc3 O-O 8. cxd5 Nxd5 9. Bd2 Bxc3 10. bxc3 e5 11. Nb3 Nc6 12. c4 {has lost popularity (12.0-0). E20: Nimzo-Indian: 4 g3 and 4 f3.} Nde7 13. O-O Qc7 14. Qc2 {The position is equal.} Bf5 15. Qb2 Rfd8 {Prevents Bd5.} 16. Rac1 {[#]} Rab8 $146 ({Predecessor:} 16... Rac8 17. Bc3 f6 18. Rfe1 b6 19. a4 Be6 20. c5 Bd5 21. e4 Be6 22. Qa3 Kh8 {1-0 (63) Stocek,J (2552)-Zorko,J (2310) Nova Gorica 2004}) 17. h3 f6 18. Kh2 Kh8 19. Rfd1 Kg8 20. Qa3 Be6 21. Qa4 (21. Nc5 $5 {[%cal Rc5e6]} Bf7 22. Qa4 $11) 21... Bf7 22. Bf1 Rd6 23. Re1 Nf5 24. Bg2 Nfd4 {[#] White must now prevent ...Nxb3.} 25. Be3 a6 26. Qa3 Rdd8 27. Qb2 Nf5 28. Bd2 Nd6 29. Bd5 Nf5 (29... a5 $11) 30. e4 $14 Nfd4 31. Nxd4 Nxd4 32. Kg2 {To avoid Nf3} (32. Red1 {seems wilder.} b5 33. Qa3 bxc4 34. Ba5 Qd6 35. Qxd6 Rxd6 36. Bc7) 32... Ne6 (32... b5 $11 {keeps the balance.}) 33. Be3 $16 {White is more active. This bishop pair is nice.} b6 34. Qa3 a5 35. Rb1 Nc5 36. Rec1 f5 (36... Qd6 $16) 37. exf5 $18 Bxd5+ 38. cxd5 Rxd5 39. Bxc5 bxc5 {[#]} 40. Rxc5 $3 {[%mdl 512]} Rxc5 41. Rxb8+ {[%mdl 64] Overworked Piece} Qxb8 42. Qxc5 {[%mdl 4096] Endgame KQ-KQ} Qb7+ 43. Kh2 Qb2 44. Qd5+ Kf8 45. Kg2 Qc3 (45... Qa3 $142 46. Qd8+ (46. Qxe5 Qxa2 47. f6 gxf6 $16) 46... Kf7) 46. g4 h6 $2 (46... Qc7 {was called for.} 47. g5 Qe7) 47. Qd8+ Kf7 48. Qd7+ Kf6 $2 (48... Kf8 49. Qd6+ Kg8 50. Qe6+ Kh7) 49. Qd8+ $2 (49. Qe6+ Kg5 50. f6) 49... Kf7 50. Qd5+ $2 (50. Qb6) 50... Kf8 51. Qd6+ Kg8 52. Qe6+ Kh8 53. f6 gxf6 54. Qxf6+ Kh7 55. Qf7+ Kh8 56. Qd5 Kg7 57. h4 Qe1 58. Qd7+ Kf6 59. Qf5+ ({Weaker is} 59. Qh7 Qd2 60. Qf5+ Kg7 61. Qxe5+ Kf7 62. Qf5+ Kg7 63. Qe5+ Kf8 $18) 59... Ke7 (59... Kg7 $142 60. h5 Qd2 61. Qxe5+ Kg8 62. Qe6+ Kg7 63. Qe7+ Kg8 64. Qe8+ Kg7) 60. Qh7+ Ke8 61. Qxh6 Qe2 62. Qg6+ Ke7 63. a3 e4 64. Qg5+ Ke8 65. Qe5+ Kd7 66. Qf5+ Ke8 67. g5 {[%cal Bg4g5,Bg5g6][%mdl 32] White wants to mate with g6.} Qd3 68. g6 Qxa3 69. Qf7+ {Weighted Error Value: White=0.27 (precise) /Black=0.22 (precise)} 1-0

[Event "Romanian-ch Open 2022"]
[Site "Eforie Nord"]
[Date "2022.02.23"]
[Round "5.15"]
[White "Popescu, Daniel-Vasilica"]
[Black "Anton, Teodor"]
[Result "0-1"]
[WhiteElo "2064"]
[BlackElo "2457"]
[Annotator "RC"]
[PlyCount "102"]
[EventDate "2022.02.20"]
[EventType "swiss"]
[EventCountry "ROU"]
[SourceTitle "playchess.com"]
[Source "ChessBase"]
[SourceQuality "1"]
[TimeControl "40/5400+30:900+30"]

1. e4 {[%emt 0:00:04]} c5 {[%emt 0:00:27]} 2. Nf3 {[%emt 0:00:06]} d6 {[%emt 0:00:10]} 3. d4 {[%emt 0:00:04]} cxd4 {[%emt 0:00:08]} 4. Nxd4 {[%emt 0:00:06]} Nf6 {[%emt 0:00:04]} 5. Nc3 {[%emt 0:00:06]} a6 {[%emt 0:00:06]} 6. Be3 {[%emt 0:02:00]} e5 {[%emt 0:00:49]} 7. Nb3 {[%emt 0:00:06]} Be6 {[%emt 0:00:06]} 8. f3 {[%emt 0:04:02]} Be7 {[%emt 0:00:06]} 9. Qd2 {[%emt 0:00:47]} O-O {[%emt 0:00:08]} 10. O-O-O {[%emt 0:00:03]} a5 {[%emt 0:00:21]} 11. Kb1 {[%emt 0:05:04]} a4 {[%emt 0:00:06]} 12. Nc1 {[%emt 0:00:05]} Ra5 {[%emt 0:00:07]} 13. g4 {[%emt 0:01:20]} a3 {[%emt 0:10:27]} 14. b3 {[%emt 0:08:01]} d5 {[%emt 0:06:26]} 15. g5 {[%emt 0:02:52]} Nxe4 {[%emt 0:00:19]} 16. fxe4 {[%emt 0:06:21]} d4 {[%emt 0:00:06]} 17. Qe1 {[%emt 0:18:43]} Bb4 {[%emt 0:04:09]} 18. Bd2 {[%emt 0:02:02]} dxc3 {[%emt 0:00:33]} 19. Be3 {[%emt 0:04:38]} Qc7 {[%emt 0:04:25]} 20. Nd3 {[%emt 0:00:06]} Be7 {[%emt 0:02:13]} 21. Rg1 {[%emt 0:02:50]} Na6 {[%emt 0:08:59]} 22. h4 {[%emt 0:03:13]} Nb4 {[%emt 0:02:43]} 23. Nxb4 {[%emt 0:00:10]} Bxb4 {[%emt 0:00:07]} 24. Qf2 {[%emt 0:02:39]} Bc5 {[%emt 0:01:25]} 25. Bxc5 {[%emt 0:04:44]} Qxc5 {[%emt 0:00:07]} 26. Qxc5 {[%emt 0:00:17]} Rxc5 {[%emt 0:00:04]} 27. Rg3 {[%emt 0:00:55]} f6 {[%emt 0:03:05]} 28. g6 {[%emt 0:06:29]} hxg6 {[%emt 0:00:14]} 29. Rxg6 {[%emt 0:00:07]} Kf7 {[%emt 0:00:15]} 30. h5 {[%emt 0:00:05]} Rh8 {[%emt 0:03:22]} 31. Be2 {[%emt 0:00:30]} Rc7 {[%emt 0:03:01]} 32. Rg3 {[%emt 0:04:48]} g5 {[%emt 0:12:08]} 33. hxg6+ {[%emt 0:02:22]} Kg7 {[%emt 0:00:17]} 34. Kc1 {[%emt 0:07:42]} Rh6 {[%emt 0:01:44]} 35. Rdd3 {[%emt 0:02:32]} Rh1+ {[%emt 0:04:00]} 36. Bd1 {[%emt 0:00:17]} Bxb3 {[%emt 0:04:18]} 37. Rxc3 {[%emt 0:01:30]} Rd7 {[%emt 0:01:58]} 38. Rgd3 {[%emt 0:00:09]} Rxd3 {[%emt 0:00:27]} 39. Rxd3 {[%emt 0:00:07]} Bc4 {[%emt 0:00:16]} 40. Re3 {[%emt 0:00:00]} Kxg6 {[%emt 0:00:00]} 41. Rg3+ {[%emt 0:12:47]} Kf7 {[%emt 0:02:44]} 42. Kd2 {[%emt 0:00:05]} Rh2+ {[%emt 0:01:56]} 43. Kc3 {[%emt 0:02:30]} Bxa2 {[%emt 0:00:30]} 44. Kb4 {[%emt 0:00:05]} Rh4 {[%emt 0:04:04]} 45. Kxa3 {[%emt 0:04:04]} Be6 {[%emt 0:00:10]} 46. Re3 {[%emt 0:00:25]} Rh3 {[%emt 0:00:54]} 47. Rxh3 {[%emt 0:03:04]} Bxh3 {[%emt 0:00:05]} 48. c4 {[%emt 0:01:20]} Bg2 {[%emt 0:02:22]} 49. Bc2 {[%emt 0:00:06]} Kg6 {[%emt 0:00:20]} 50. Kb4 {[%emt 0:00:19]} Kg5 {[%emt 0:00:04]} 51. Kc5 {[%emt 0:00:58]} Kf4 {[%emt 0:00:15]} 0-1

[Event "Romanian-ch Open 2022"]
[Site "Eforie Nord"]
[Date "2022.02.23"]
[Round "5.16"]
[White "Doncea, Vladimir"]
[Black "Ciocani, Iosif"]
[Result "1-0"]
[WhiteElo "2367"]
[BlackElo "1876"]
[Annotator "TA"]
[PlyCount "81"]
[EventDate "2022.02.20"]
[EventType "swiss"]
[EventCountry "ROU"]
[SourceTitle "playchess.com"]
[Source "ChessBase"]
[SourceQuality "1"]

{[%evp 9,81,-20,-3,-21,6,1,9,-13,22,21,11,0,0,0,0,0,0,0,0,0,8,-4,8,-20,-20,-20,0,0,0,0,0,0,0,0,0,0,0,0,0,0,0,0,34,35,45,22,77,0,0,-383,-180,-182,-62,-342,-334,-293,-43,-480,-12,-12,-8,-7,108,89,100,103,124,129,470,461,450,440,29981,2368]} 1. Nf3 c5 2. e3 Nf6 3. d4 d5 4. Bb5+ Bd7 5. Qe2 e6 6. O-O {D04: Colle System.} Bd6 {[#]} 7. Bxd7+ $146 ({Predecessor:} 7. b3 O-O 8. Bb2 a6 9. Bd3 b5 10. dxc5 Bxc5 11. Nbd2 Nc6 12. a3 Qc7 13. c4 bxc4 14. bxc4 {1-0 (21) Ducharme,S (702)-Hickl,N (1034) LSS email 2019}) 7... Qxd7 8. Nc3 {The position is equal.} a6 9. dxc5 Bxc5 10. e4 Nxe4 11. Nxe4 dxe4 12. Qxe4 Nc6 13. Bg5 f6 14. Rad1 Qf7 15. Qc4 Bb6 16. Rd6 O-O 17. Be3 Bxe3 18. fxe3 {[%cal Of3g5]} e5 19. Qg4 Rad8 20. Ng5 Qe7 21. Qc4+ Kh8 22. Rxd8 Nxd8 23. Ne4 Nc6 24. Rd1 f5 25. Nc5 h6 26. Rd7 Qg5 27. Qe2 {Hoping for Ne6.} Rf6 {To avoid Ne6} (27... Qf6 $11) 28. Nxb7 ({White should play} 28. Rxb7 $16 Rd6 29. Rd7 (29. Nxa6 $2 Qd8 $19) 29... Rxd7 30. Nxd7) 28... f4 $11 29. Nd8 $2 {[%mdl 8192] [#]} (29. Nc5 $11 {and White has nothing to worry.} f3 30. Qf2) 29... f3 (29... Nd4 $142 $1 {[%mdl 512]} 30. Qf1 (30. exd4 $2 f3 $19) (30. Qd3 f3) 30... fxe3 31. Nf7+ Rxf7 32. Rxf7 (32. Qxf7 $2 e2 $19) 32... e2) 30. Qf2 $19 {Strongly threatening Nf7+.} Qg4 (30... Qh5 $1 $19 31. gxf3 Qe8) 31. Rd2 $2 {[%mdl 8192]} (31. Nf7+ $2 Kg8 32. Nxh6+ Rxh6 $19) ({White must play} 31. Rd6 $1 $15 Nxd8 32. Rxd8+ Kh7 33. g3) 31... fxg2 32. Qxg2 Qf5 (32... Qh5 $19 33. Kh1 (33. Nxc6 $2 Rg6 $19) 33... Ne7) 33. e4 $2 {[%mdl 8192] [#]} (33. Nxc6 $2 Rg6 34. Na5 (34. Rd8+ $2 Kh7 $19) 34... Rxg2+ 35. Rxg2 Qf3 $19) (33. Kh1 $1 $15) 33... Qf4 $2 (33... Qh5 $1 $19 34. Nxc6 Rg6) 34. Nxc6 $11 {Active counter play!} ({Avoid the trap} 34. Kh1 $2 Qh4 35. Rd1 {[#]} Rf2 $1 $19) 34... Qe3+ 35. Rf2 {[%cal Bd2f2,Bf2g2,Bg2g1][%mdl 32]} Qe1+ (35... Rxc6 $11 {keeps the balance.} 36. Kh1 Kh7) 36. Qf1 $1 $16 Rg6+ 37. Rg2 Qe3+ 38. Kh1 Qxe4 $2 {[%mdl 8192]} (38... Rf6 $16 39. Qe2 (39. Qc4 Qc1+ 40. Rg1 Qf4 $16) 39... Qxe2 40. Rxe2 Rxc6) 39. Ne7 $18 {White wants to mate with Qf8+.} Rf6 {[%cal Rf6f1] Inhibits Qf8+.} 40. Qd3 Qe1+ (40... Qxd3 $18 41. cxd3 Kh7) 41. Rg1 {Never resign too early!  Weighted Error Value: White=0.55/Black=0.98} 1-0

[Event "Romanian-ch Open 2022"]
[Site "Eforie Nord"]
[Date "2022.02.23"]
[Round "5.17"]
[White "Veress, Armand"]
[Black "Stepanencu, Nicodim-Cosmin"]
[Result "0-1"]
[WhiteElo "2034"]
[BlackElo "2334"]
[Annotator "TA"]
[PlyCount "58"]
[EventDate "2022.02.20"]
[EventType "swiss"]
[EventCountry "ROU"]
[SourceTitle "playchess.com"]
[Source "ChessBase"]
[SourceQuality "1"]

{[%evp 9,58,19,45,41,43,18,18,16,19,8,10,10,12,7,9,3,21,8,9,0,58,70,58,45,66,22,41,12,55,47,75,89,84,81,87,59,60,46,31,-363,-343,-421,-402,-410,-402,-1199,-1168,-1104,-1029,-1229,-1173]} 1. e4 g6 2. d4 Bg7 3. Nf3 d6 4. Bd3 c5 5. dxc5 dxc5 6. O-O {B06: Modern Defence.} Nc6 7. h3 Nf6 8. Qe2 {The position is equal.} O-O 9. Rd1 Nd7 10. c3 Qc7 11. Nbd2 {[#]} Rd8 $146 ({Predecessor:} 11... b6 12. Nf1 Nde5 13. Bf4 Be6 14. Ne3 Nxf3+ 15. Qxf3 Qb7 16. Bc4 Bxc4 17. Nxc4 b5 {0-1 (41) Lindgren,F (2208)-Rustemov,A (2625) Skelleftea 2001}) 12. a4 Nde5 13. Nxe5 Nxe5 14. Bc2 Be6 (14... Nc6 $11) 15. f4 $14 Nc6 16. Rf1 f6 17. Bb3 (17. f5 $14 {is more appropriate.} Bf7 18. Bb3) 17... Qd7 18. a5 Kh8 (18... Bxb3 $11 19. Nxb3 b6) 19. Qb5 Rac8 20. Bxe6 Qxe6 21. Qxb7 ({Weaker is} 21. Qxc5 {[#]} Nd4 $1 22. Qxa7 Ne2+ 23. Kh2 Nxc1 24. Raxc1 Rxd2 25. Qxb7 Rcd8 $17) 21... Bh6 22. Qb3 Qd6 23. Nc4 Qd3 {[%cal Oc6d4] Threatens to win with ...Nd4!} 24. e5 $2 {[%mdl 8192] [#] This move loses the game for White.} (24. Qb5 $14) 24... Nd4 $1 $19 {[%mdl 576] Pin} 25. Qa4 (25. Qa2 Ne2+) 25... Ne2+ 26. Kh2 Nxc3 27. Qb3 (27. Rf3 $142 Qxf3 28. gxf3 Nxa4 29. Rxa4) 27... Qxf1 {Black is clearly winning.} 28. Qxc3 Rd1 29. exf6 Bxf4+ {Weighted Error Value: White=0.62/Black=0.14 (very precise)} 0-1

[Event "Romanian-ch Open 2022"]
[Site "Eforie Nord"]
[Date "2022.02.23"]
[Round "5.18"]
[White "Patrascu, Catalin-Lucian"]
[Black "Negrean, Andrei"]
[Result "1-0"]
[WhiteElo "2310"]
[BlackElo "1941"]
[Annotator "TA"]
[PlyCount "59"]
[EventDate "2022.02.20"]
[EventType "swiss"]
[EventCountry "ROU"]
[SourceTitle "playchess.com"]
[Source "ChessBase"]
[SourceQuality "1"]

{[%evp 14,58,-16,-24,16,-19,9,0,63,63,90,90,137,139,272,273,308,142,376,112,108,102,150,154,259,257,253,253,297,308,260,235,1366,297,282,253,29988,29989,29990,29991,29991,29992,29997,29997,29998,29999,29999]} 1. e4 e6 2. d4 d5 3. Nc3 Nf6 4. e5 Nfd7 5. Nf3 c5 6. dxc5 Bxc5 7. Bd3 Nc6 8. Bf4 b6 {C11: French: Classical System: 4 e5 and 4 Bg5 dxe4.} 9. h4 {[#]} Nb4 $146 ({Predecessor:} 9... Bb7 10. h5 Bb4 11. h6 g6 12. O-O Bxc3 13. bxc3 Qc7 14. Re1 O-O-O 15. Qe2 Nc5 16. Bg5 {1-0 (36) Dolana,A (2227)-Sandu,M (1820) Calimanesti 2013}) 10. Rh3 h5 (10... f6 $11) 11. Rg3 $14 g6 12. Ng5 {[%cal Og5f7] [#] And now Nxf7! would win.} Nxd3+ (12... Qe7 $142) 13. Qxd3 $16 {[%cal Og5f7]} Nf8 (13... Qe7 $16) 14. O-O-O $18 {[%cal Oc3e4] Nce4! is the strong threat.} Qe7 15. Nb5 {Pair of Knights!} (15. Rf3 $18 {has better winning chances.}) 15... Nh7 $2 (15... Ba6 $16) 16. Nxh7 $2 (16. Nd6+ $18 {is the precise move to win.} Bxd6 17. exd6) 16... Rxh7 $16 17. Nd6+ Bxd6 ({Better is} 17... Kf8) 18. exd6 Qd7 (18... Qxh4 $16 19. Qd4 Qd8) 19. Qd4 $18 Bb7 20. Rc3 {[#] aiming for Rc7.} Bc6 21. Qf6 {[%cal Oc3c6]} Rc8 22. Re1 $40 {[%cal Bd1e1,Be1e3,Be3c3,Bc3c7][%mdl 160] Black must now prevent Rg3. White has strong attack.} Bb7 $2 (22... Kf8 23. Ree3 Re8) 23. Rxc8+ $2 (23. Rg3 {[%cal Og3g6] White threatens Rxg6! and mate.} Rxc2+ 24. Kxc2) 23... Bxc8 24. Re3 {Threatening mate with Rc3.} Kf8 $2 (24... Qd8 $18 25. Qe5 f6 26. Qxd5 Kf8) 25. Rc3 {White mates.} Kg8 26. Rc7 Qe8 27. Qe7 Qb5 28. Rxc8+ Kg7 29. Be5+ Kh6 30. Qg5# {Weighted Error Value: White=0.44/Black=0.79} 1-0

[Event "Romanian-ch Open 2022"]
[Site "Eforie Nord"]
[Date "2022.02.23"]
[Round "5.19"]
[White "Radu, David Cr."]
[Black "Martian, Dragos-Daniel"]
[Result "0-1"]
[WhiteElo "1960"]
[BlackElo "2270"]
[Annotator "TA"]
[PlyCount "76"]
[EventDate "2022.02.20"]
[EventType "swiss"]
[EventCountry "ROU"]
[SourceTitle "playchess.com"]
[Source "ChessBase"]
[SourceQuality "1"]

{[%evp 11,76,22,32,25,27,27,32,27,23,13,18,16,31,0,6,10,27,0,0,2,3,-10,-2,-10,-9,-9,-25,-42,0,0,0,-29,-27,-69,-74,-79,-17,-105,-84,-83,-85,-168,-155,-331,-322,-339,0,0,0,-324,-340,-443,-443,-942,-938,-916,-896,-782,-791,-775,-789,-748,-677,-658,-151,-580,-405]} 1. e4 c5 2. c3 e5 3. Nf3 Nc6 4. Bc4 Qc7 5. O-O Nf6 6. d3 Be7 7. a4 {B22: Sicilian: 2 c3.} O-O 8. Bg5 d6 9. Na3 {[#] White is slightly better.} Be6 $146 ({Predecessor:} 9... Ne8 10. Bd2 Be6 11. Nc2 Qd7 12. Ne3 Nc7 13. b4 cxb4 14. cxb4 Bf6 15. b5 Nd4 16. Nxd4 exd4 17. Bxe6 fxe6 {1-0 (42) Mammadov,Z (2500)-Virovlansky,S (2425) Golden Sands 2015}) 10. Qe2 Rad8 11. Rfe1 h6 12. Bh4 (12. Bxf6 $5 Bxf6 13. Nc2 $11) 12... Nh5 13. Bg3 Qd7 14. Rad1 Bg4 15. Nc2 Nf4 16. Bxf4 exf4 17. d4 Qc7 18. Bd5 Bf6 19. Qc4 {[%cal Oe4e5]} Na5 (19... Ne7 $15 {should be considered.}) 20. Qd3 $11 Nc6 21. Qd2 g5 22. b4 (22. Qd3 $11) 22... Ne7 $15 23. Ba2 b6 (23... Ng6 $17 {aiming for ...Bxf3.} 24. Qd3 cxd4 25. Ncxd4 Ne5) 24. Na3 (24. Qd3 $11) 24... Bxf3 $17 25. gxf3 Ng6 26. Qd3 (26. Qe2 $17 {was necessary.}) 26... Nh4 $19 27. e5 $2 (27. Kf1 $17) 27... dxe5 28. Bb1 {[%csl Gb1][%cal Rd3h7] [#]} Ng6 $2 (28... Rfe8 $1 $19 29. Qh7+ Kf8) 29. Qc4 $1 $11 {Strongly threatening Bxg6.} Nh4 {[%mdl 8192]} (29... e4 $11) 30. Qd3 $19 {[%csl Gb1][%cal Rd3h7] [#]} Rfe8 $1 ({Worse is} 30... Ng6 31. Qf5 cxb4 32. Qxf6 bxa3 33. Bxg6 fxg6 34. Qxg6+ Qg7 35. Qe6+ Kh8 36. dxe5 $17) 31. Qh7+ Kf8 32. dxe5 {[#]} (32. Qxh6+ $142 Bg7 33. Qh5) 32... Qxe5 $1 {[%mdl 512]} 33. Be4 Bg7 34. bxc5 Qxc3 35. Nb5 Qxc5 {Threatens to win with ...Qc8.} 36. Rc1 Qb4 {[%cal Oh4f3] And now ...Nxf3+! would win.} 37. Rf1 Qe7 $2 (37... Qxa4 $19 {has better winning chances.} 38. Nc7 Re5) 38. Rc6 $2 (38. Nc7 $17 {nothing else works.}) 38... Qd7 {Weighted Error Value: White=0.54/Black=0.40} 0-1

[Event "Romanian-ch Open 2022"]
[Site "Eforie Nord"]
[Date "2022.02.23"]
[Round "5.20"]
[White "Prelipcean, Eric-Matei"]
[Black "Voiteanu, Gabriel"]
[Result "1/2-1/2"]
[WhiteElo "1935"]
[BlackElo "2207"]
[Annotator "TA"]
[PlyCount "161"]
[EventDate "2022.02.20"]
[EventType "swiss"]
[EventCountry "ROU"]
[SourceTitle "playchess.com"]
[Source "ChessBase"]
[SourceQuality "1"]

{[%evp 28,161,39,20,25,21,20,0,79,79,79,79,79,79,87,95,96,91,95,89,109,98,120,112,124,124,116,130,110,52,52,52,106,43,112,49,75,0,0,0,0,0,72,0,50,60,93,49,85,0,50,44,113,41,80,72,68,0,0,0,0,-8,0,0,0,0,0,0,0,0,0,0,0,0,0,0,0,0,0,0,0,0,0,0,0,0,0,0,0,0,0,0,0,0,0,0,0,0,0,0,0,0,0,0,0,0,0,0,0,0,0,0,0,0,0,0,0,0,0,0,0,0,0,0,0,0,0,0,0,0,608,394,341,57,57,57]} 1. e4 e5 2. Nf3 Nc6 3. Bb5 {[%cal Bf1b5,Bb5a4,Ba4b3][%mdl 32]} a6 4. Ba4 Nf6 5. O-O b5 6. Bb3 Be7 7. Re1 d6 8. c3 O-O 9. h3 Nb8 10. d4 Nbd7 11. Nbd2 Bb7 12. Bc2 Re8 13. Nf1 Bf8 14. Ng3 g6 15. a4 Nb6 {C95: Closed Ruy Lopez: Breyer Variation with 10 d4.} 16. a5 Nbd7 17. b4 c5 (17... exd4 $11 {keeps the balance.} 18. cxd4 c5) 18. d5 $1 $16 {[#]} c4 $146 ({Predecessor:} 18... Rc8 19. Be3 {½-½ (19) Shtyrenkov,V (2329)-Kovalev,A (2473) Alushta 2013}) 19. Be3 h6 20. Qd2 Kh7 21. Rf1 {White is more active.} Bg7 22. Rae1 Ng8 23. Nh2 Rf8 24. f4 exf4 25. Bxf4 Ne5 26. Nf3 $1 Qe7 27. Nxe5 Bxe5 28. Bxe5 (28. Ne2 $16) 28... dxe5 $14 29. Rf3 f6 {[#]} (29... Kg7 $14) 30. Ref1 (30. Nf1 $1 $16) 30... Bc8 (30... h5 $14) 31. Qf2 (31. R1f2 $16) 31... Qa7 32. Qxa7+ (32. Re3 $16) 32... Rxa7 $11 33. R1f2 Rd7 34. Nf1 Kg7 {[#]} (34... h5 $11 {remains equal.}) 35. Ne3 (35. g4 $1 $16) 35... Rd6 (35... h5 $1 $11) 36. g4 $1 $36 {[%mdl 2048] White is pushing.} Ne7 37. Kg2 (37. h4 $16) 37... Rdd8 38. Rd2 (38. h4 $16) 38... Rd6 (38... h5 $11) 39. Rf1 Bb7 ({Better is} 39... h5 $14) 40. Rfd1 (40. h4 $16) 40... Rfd8 41. Kg3 Bc8 42. Kg2 ({White should try} 42. Rg1 $14) 42... h5 43. Kg3 Rh8 44. Rf2 Ng8 {[%cal Be7g8,Bg8h6,Bh6f7,Bf7g5][%mdl 32]} 45. Rdf1 {[%cal Og4g5]} hxg4 46. hxg4 Nh6 47. Rh2 Nf7 48. Rxh8 Kxh8 49. Rf2 Kg7 50. Rd2 Ng5 51. Rf2 Rd8 52. Rh2 Bb7 53. Bb1 Bc8 54. Bc2 Nf7 55. Rf2 Rh8 56. Rh2 Rxh2 57. Kxh2 $11 {[%mdl 4096] Endgame KBN-KBN} Kh6 58. Kg3 Kg5 59. Bd1 $1 Nd6 60. Bc2 Bd7 61. Bb1 Nf7 62. Bc2 $1 Nh6 {[%cal Rh6g4]} 63. Bd1 Nf7 64. Bc2 Kh6 65. Kh4 Kg7 66. Kg3 Kf8 67. Kh4 Ke7 68. Kg3 Kd6 69. Kf3 Bc8 70. Kg3 Nh6 71. Kf3 Bb7 72. Bb1 Bc8 73. Bc2 Ng8 74. Kg3 Nh6 75. Kf3 Bb7 76. Bb1 Nf7 77. Bc2 Nh6 78. Bb1 f5 $2 {[%mdl 8192]} (78... Nf7 $11) 79. gxf5 gxf5 80. Nxf5+ $2 (80. exf5 $18 Ke7 81. Be4) 80... Nxf5 $14 81. exf5 {Weighted Error Value: White=0.15 (very precise) /Black=0.16 (very precise)} 1/2-1/2